000 00847cam a2200193 4500
001 WS114786
008 010921n 000 0 eng u
035 _a(Sirsi) u114786
110 _aRevo
_96180
245 _aRevo
_h[electronic resource]
520 _aFormerly British Council of Shopping Centres (name change September 2016) representing all interests in the shopping centre industry from owners and managers to designers and contractors. Includes pages on news, events and publications. Member of International Council of Shopping Centres (September 2018)
650 _aBRITISH COUNCIL OF SHOPPING CENTRES
650 _aSHOPPING CENTRES
650 2 4 _aRETAIL
650 2 4 _aREVO
690 _aCommercial property
_96227
856 4 0 _uhttps://www.revocommunity.org//
_zView the website free of charge at wwwrevocommunity.org
942 _n0
999 _c119917
_d119917